Insurance and Pension Funds Community measures adopted or proposed Situation as at June 1993
Gespeichert in:
| Format: | Buch |
|---|---|
| Sprache: | Englisch |
| Veröffentlicht: |
Brüssel
EGKS-EWG-EAG (Europäische Gemeinschaft für Kohle und Stahl
1993
|
| Ausgabe: | 1. ed. |
| Schlagworte: | |
| Tags: |
Keine Tags, Fügen Sie das erste Tag hinzu!
|
MARC
| LEADER | 00000nam a2200000 4500 | ||
|---|---|---|---|
| 001 | c010294 | ||
| 005 | 20221206074557.9 | ||
| 020 | |a 92-826-6679-4 | ||
| 041 | 0 | |a eng | |
| 044 | |a LU | ||
| 245 | 1 | 0 | |a Insurance and Pension Funds Community measures adopted or proposed |b Situation as at June 1993 |
| 250 | |a 1. ed. | ||
| 264 | 1 | |a Brüssel |b EGKS-EWG-EAG (Europäische Gemeinschaft für Kohle und Stahl |c 1993 | |
| 300 | |a 456 s. | ||
| 610 | 2 | 0 | |a poistenie dôchodkové |
| 610 | 2 | 0 | |a Fond dôchodkového poistenia |
| 610 | 2 | 0 | |a Európske spoločenstvá |